Excercise Therapy Made Easy: Guiding Principles/ (Record no. 177799)

MARC details
000 -LEADER
fixed length control field 00807nam a22002177a 4500
005 - DATE AND TIME OF LATEST TRANSACTION
control field 20210304104610.0
010 ## - LCCN (DPL NO)
LC control number ENG-129140
020 ## - INTERNATIONAL STANDARD BOOK NUMBER
International Standard Book Number 978-93-5427-183-0
Terms of availability 160.00
035 ## - SYSTEM CONTROL NUMBER
System control number EN-112672
037 ## - SOURCE OF ACQUISITION
Source of stock number/acquisition DBAD/PUB
082 ## - DEWEY DECIMAL CLASSIFICATION NUMBER
Classification number 615.82
100 ## - MAIN ENTRY--PERSONAL NAME
Personal name Rai, Richa Hirendra
245 ## - TITLE STATEMENT
Title Excercise Therapy Made Easy: Guiding Principles/
Statement of responsibility, etc Richa Hirendra Rai, translated by Anita Gupta
246 ## - VARYING FORM OF TITLE
Title proper/short title एक्सरसाइज थेरेपी सरल अनुवाद
260 ## - PUBLICATION, DISTRIBUTION, ETC. (IMPRINT)
Place of publication, distribution, etc Delhi
Name of publisher, distributor, etc Blue Rose Publishers
Date of publication, distribution, etc 2020
270 ## - ADDRESS
City Delhi
Postal code 110002
Address 4233/1, Ansari Road, Darya Ganj
Electronic mail address info@bluerosepublishers.com
300 ## - PHYSICAL DESCRIPTION
Extent 83p.
Dimensions 23cm(pbk)
Other physical details Including illustrations.
500 ## - GENERAL NOTE
General note Bilingual (Hindi and English)
700 ## - ADDED ENTRY--PERSONAL NAME
Personal name Gupta Anita, Tr.
942 ## - ADDED ENTRY ELEMENTS (KOHA)
Source of classification or shelving scheme Dewey Decimal Classification
Item type English Books
Classification part 615.82
Call number suffix RAI
Holdings
Withdrawn status Lost status Not for loan Collection code Home library Current library Date acquired Source of acquisition Cost, normal purchase price Full call number Barcode Copy number Cost, replacement price Koha item type
      Non-fiction Bawana Bawana 04/03/2021 DBAD/PUB 160.00 615.82 RAI EN-112672 1 160.00 English Books

© Delhi Public Library
Hit Counter
free hit counter